<?xml version="1.0" encoding="UTF-8"?>
<record
    xmlns:xsi="http://www.w3.org/2001/XMLSchema-instance"
    xsi:schemaLocation="http://www.loc.gov/MARC21/slim http://www.loc.gov/standards/marcxml/schema/MARC21slim.xsd"
    xmlns="http://www.loc.gov/MARC21/slim">

  <leader>00501nam a22001697a 4500</leader>
  <controlfield tag="003">OSt</controlfield>
  <controlfield tag="005">20250214100437.0</controlfield>
  <controlfield tag="008">250213s2013    ag ||||| |||| 00| 1 spa d</controlfield>
  <datafield tag="020" ind1=" " ind2=" ">
    <subfield code="a">9789876293198</subfield>
  </datafield>
  <datafield tag="040" ind1=" " ind2=" ">
    <subfield code="c">besoc</subfield>
  </datafield>
  <datafield tag="100" ind1="1" ind2=" ">
    <subfield code="a">Galeano, Eduardo,</subfield>
    <subfield code="d">1940-2015</subfield>
    <subfield code="e">autor</subfield>
  </datafield>
  <datafield tag="245" ind1=" " ind2=" ">
    <subfield code="a">Memoria del fuego I :</subfield>
    <subfield code="b">Los nacimientos /</subfield>
    <subfield code="c">Eduardo Galeano</subfield>
  </datafield>
  <datafield tag="260" ind1=" " ind2=" ">
    <subfield code="a">Buenos Aires :</subfield>
    <subfield code="b">Siglo XXI,</subfield>
    <subfield code="c">2013</subfield>
  </datafield>
  <datafield tag="300" ind1=" " ind2=" ">
    <subfield code="a">368 p.</subfield>
  </datafield>
  <datafield tag="650" ind1=" " ind2=" ">
    <subfield code="a">Literatura uruguaya</subfield>
    <subfield code="v">Cr&#xF3;nicas</subfield>
    <subfield code="v">An&#xE9;cdotas</subfield>
    <subfield code="y">Siglos XV-XVII</subfield>
  </datafield>
  <datafield tag="942" ind1=" " ind2=" ">
    <subfield code="2">udc</subfield>
    <subfield code="c">OG</subfield>
    <subfield code="n">0</subfield>
  </datafield>
  <datafield tag="999" ind1=" " ind2=" ">
    <subfield code="c">443</subfield>
    <subfield code="d">443</subfield>
  </datafield>
  <datafield tag="952" ind1=" " ind2=" ">
    <subfield code="0">0</subfield>
    <subfield code="1">0</subfield>
    <subfield code="2">udc</subfield>
    <subfield code="4">0</subfield>
    <subfield code="7">0</subfield>
    <subfield code="8">CG</subfield>
    <subfield code="a">ESOCIALES</subfield>
    <subfield code="b">ESOCIALES</subfield>
    <subfield code="d">2025-02-14</subfield>
    <subfield code="l">0</subfield>
    <subfield code="o">82-94(899) G152</subfield>
    <subfield code="p">001353</subfield>
    <subfield code="r">2025-02-14 00:00:00</subfield>
    <subfield code="w">2025-02-14</subfield>
    <subfield code="y">OG</subfield>
  </datafield>
</record>
